Manual of high risk pregnancy delivery/ (Record no. 9600)

MARC details
000 -LEADER
fixed length control field 00586nam a22002057a 4500
003 - CONTROL NUMBER IDENTIFIER
control field OSt
005 - DATE AND TIME OF LATEST TRANSACTION
control field 20251203124719.0
008 - FIXED-LENGTH DATA ELEMENTS--GENERAL INFORMATION
fixed length control field 251203b |||||||| |||| 00| 0 eng d
020 ## - INTERNATIONAL STANDARD BOOK NUMBER
International Standard Book Number 978032040167
040 ## - CATALOGING SOURCE
Transcribing agency MUST
082 ## - DEWEY DECIMAL CLASSIFICATION NUMBER
Edition number 22
Classification number WQ 240 G372m 2007
100 ## - MAIN ENTRY--PERSONAL NAME
Personal name Gilbert, Elizabeth Stepp
9 (RLIN) 19534
245 ## - TITLE STATEMENT
Title Manual of high risk pregnancy delivery/
Statement of responsibility, etc. Elizabeth Stepp Gilbert
250 ## - EDITION STATEMENT
Edition statement 4th ed.
260 ## - PUBLICATION, DISTRIBUTION, ETC. (IMPRINT)
Name of publisher, distributor, etc. Mosby Elservier
Date of publication, distribution, etc. 2007
300 ## - PHYSICAL DESCRIPTION
Extent viii, 744p.
Other physical details ill.
Dimensions 23cm.
504 ## - BIBLIOGRAPHY, ETC. NOTE
Bibliography, etc indexes are included
650 ## - SUBJECT ADDED ENTRY--TOPICAL TERM
Source of heading or term High risk pregnancy and delivery
942 ## - ADDED ENTRY ELEMENTS (KOHA)
Source of classification or shelving scheme Other/Generic Classification Scheme
Koha item type Open Shelf
Holdings
Withdrawn status Lost status Source of classification or shelving scheme Damaged status Not for loan Home library Current library Date acquired Source of acquisition Inventory number Total Checkouts Full call number Barcode Date last seen Price effective from Koha item type
    Other/Generic Classification Scheme     MUST Main Library MUST Main Library 03/12/2025 Donation 10/32520   WQ 240 G372m 2007 2025-0204 03/12/2025 03/12/2025 Open Shelf